000
00352nam a2200157Ia 4500
003
OSt
005
20231211070140.0
008
170524s9999 xx 000 0 und d
020
_a
81-7391-233-5
040
_c
iimt
100
_a
Ratandeep Singh
245
0
_a
Dynamics of modern tourism
260
_b
Kanishka Pub.
260
_c
1998
942
_2
ddc
_c
02
999
_c
6785
_d
6785